000 01276cab a2200229 i 4500
001 768714001
003 CO-MdFUSB
005 20230112105809.0
008 180626s1999 gt ||||| |||| 00| 0 spa d
022 _a1014-9341
040 _aCO-MdFUSB
_bspa
_cCO-MdFUSB
_dCO-MdFUSB
041 _aspa
100 1 _aCarroll R., M. Daniel
_eautor
245 0 0 _aTendencias y retos en la educación teológica evangélica en América Latina
_c/ M. Daniel Carroll R.
300 _aNúmero 25 (Julio - Diciembre, 1999), páginas 37-52
_c; 22 cm
520 _aLas tendencias y retos en la educación teológica evangélica en América Latina relacionados con la definición de sus propósitos, la elección de modelos y la elaboración del currículo reflejan en algún grado tendencias y retos similares en la educación superior en general de la región. La globalización ha permitido cooperación internacional y el desarrollo de sistemas internacionales de acreditación.
650 7 _97017
_aEducación cristiana de adultos
653 _aTeología -- Educación
773 0 _tKairós
_049489
_961198
_gNúmero 25 (Julio - Diciembre, 1999), páginas 37-52
_qPágina 37
773 0 _tKairós
_049489
_981314
_gNúmero 25 (Julio - Diciembre, 1999), páginas 37-52
_qPágina 37
942 _cANA
999 _c51228
_d51228